| 000 | 00987nam a22003257a 4500 | ||
|---|---|---|---|
| 003 | CHAP | ||
| 005 | 20220329135305.0 | ||
| 008 | 971013c18361840 r 00010 d | ||
| 010 | _a33860 | ||
| 011 | _a34832 | ||
| 035 | _a38948 | ||
| 040 | _cCHAP | ||
| 082 |
_a591.4 _bC8 |
||
| 100 | 0 | 0 |
_aCuvier, Georges. _930769 |
| 245 | _aLecons d'anatomie comparée | ||
| 250 | _a3 ed. | ||
| 260 |
_aBruxelles : _bH. Dumont, _c1836-1840 |
||
| 300 | _av. | ||
| 500 | _aLa biblioteca tiene: v.1-3 | ||
| 590 |
_aBATCH-UPD _b10 _c20130110 _lUCH01 _h2226 |
||
| 590 |
_aBATCH-UPD _b10 _c20130410 _lUCH01 _h1523 |
||
| 590 |
_aBATCH-UPD _b10 _c20130914 _lUCH01 _h0324 |
||
| 590 |
_aCONVERSION _b10 _c20130109 _lUCH01 _h1319 |
||
| 650 | 1 | 4 |
_aAnatomÃa comparada. _95494 |
| 901 | _aBK | ||
| 942 | _cLIBRO | ||
| 949 |
_a591.4 C8 _bBC _cBPP _d-89027 _eBPP _fv.1 _h4216 _i38948 _si |
||
| 949 |
_a591.4 C8 _bBC _cBPP _d-89029 _eBPP _fv.2 _h4217 _i38948 _si |
||
| 949 |
_a591.4 C8 _bBC _cBPP _d-89030 _eBPP _fv.3 _h4218 _i38948 _si |
||
| 999 |
_c33860 _d33860 |
||